Responses for Show #8862 - Tuesday, May 2, 2023

Kevin Belle game 3.

Contestants

[<< previous game]

Amanda Hendrickson, a costumer from Highland Village, Texas

Paul Guelpa, an attorney from Rossmoor, California

Kevin Belle, a trail planner from Silver Spring, Maryland (whose 2-day cash winnings total $24,398)

[next game >>]

Jeopardy! Round responses

THEY WON THE BATTLE
A JR. IN ENTERTAINMENT
MIND YOUR GRAMMAR
AUSTRALIAN WILDLIFE
DOUBLE DOUBLE LETTERS
JEOPAIR! BOARDING PROCESS
(Mayim: Jeopair! is an airline we made up.)
    $200 30
Scotland

Amanda
    $200 18
Robert Downey Jr.

Paul
    $200 29
a split infinitive

Paul
    $200 28
koalas

Kevin
    $200 1
a millennial

Kevin
    $200 13
minors

Amanda
    $400 24
Little Bighorn

Paul
    $400 17
Scooby Doo

Kevin
    $400 23
conjugate

Amanda
    $400 21
a dingo

Paul
    $400 2
(Paul: What's a scrunchie?)

a barrette

Paul
Triple Stumper
    $400 27
first class

Kevin
    $600 20
Appomattox

Paul
    $600 16
Lil Wayne

Kevin
    $600 11
a sentence fragment

Amanda
    $2,000 9
(Paul: What's a koala?)

a Tasmanian devil

Paul
    $600 3
annually

Amanda
    $600 26
supreme

Amanda
    $800 19
the RAF (the Royal Air Force)

Paul
    $800 15
Dale Earnhardt Jr.

Kevin
    $800 7
accusative

Paul
    $800 5
(Amanda: What is a platypus?)

echidna

PaulAmanda
    $800 4
penniless

Paul
    $800 25
rudimentary

Triple Stumper
    $1000 22
Hastings

Paul
    $1000 14
(Amanda: Who is Billy Bob Thornton?)

Robert De Niro

Amanda
Triple Stumper
    $1000 6
(Amanda: What are commas?)
(Paul: What are parentheses?)

conjunctions

PaulAmanda
Triple Stumper
    $1000 10
a wombat

Paul
    $1000 8
(Amanda: What is a canteen?)

a commissary

PaulAmanda
    $1000 12
thank you for your service

Kevin

Scores at the first commercial break (after clue 15):

Kevin Paul Amanda
$2,000 $1,000 -$2,400

Scores at the end of the Jeopardy! Round:

Kevin Paul Amanda
$3,600 $4,600 -$1,200

Double Jeopardy! Round responses

MYTHOLOGY
NONFICTION
EAT FOOD. NOT TOO MUCH. MOSTLY PLANTS
TV & MOVIE COMEDIES
WORLD CITIES
THAT'S SO "EXTRA"
    $400 1
(Paul: Who is [**]?)
[Originally ruled incorrect; reversed before Daily Double at clue 13]

Cupid (or Eros)

PaulAmanda
    $400 25
vegan

Paul
    $400 20
cauliflower

Paul
    $400 14
Young Sheldon

Kevin
    $400 11
St. Petersburg

Kevin
    $400 10
extra points

Kevin
    $2,000 2
Midas

Amanda
    $800 27
Needs

Kevin
    $800 23
asparagus

Kevin
    $800 15
Brooklyn Nine-Nine

Kevin
    $800 12
Montreal

Kevin
    $800 9
extrasensory perception

Kevin
    $1200 3
Medea

Amanda
    $1200 26
The Republic

Triple Stumper
    $1200 22
artichokes

Kevin
    $1200 16
Tyler Perry

Paul
    $2,000 13
(Kevin: What is Quito?)

La Paz

Kevin
    $1200 8
extravaganza

Kevin
    $1600 4
(Amanda: Who is Persephone?)

Andromeda

Amanda
Triple Stumper
    $1600 29
(King) Leopold II

Paul
    $1600 24
jicama

Paul
    $1600 18
Disenchanted

Amanda
    $1600 17
Manchester

Kevin
    $1600 7
extradition

Kevin
    $2000 5
(Amanda: Who is Hector?)

Ajax

Amanda
Triple Stumper
    $2000 30
Dr. Paul Farmer

Triple Stumper
    $2000 28
tempeh

Kevin
    $2000 19
Adam's Rib

Triple Stumper
    $2000 21
Zurich

Triple Stumper
    $2000 6
extrapolation

Amanda

Scores at the end of the Double Jeopardy! Round:

Kevin Paul Amanda
$14,400 $10,200 $2,400

[wagering suggestions for these scores]

Final Jeopardy! Round responses

MEDICAL HISTORY
AmandaWhat is Pertussis? whooping cough?
$15
PaulWhat is Tuberculosis
$4,202
KevinWhat is pertussis?
$4,000
whooping cough (pertussis)

Final scores:

Kevin Paul Amanda
$18,400 $5,998 $2,415
3-day champion: $42,798 2nd place: $2,000 3rd place: $1,000

Game dynamics:

Coryat scores:

Kevin Paul Amanda
$16,400 $12,200 $1,200
20 R,
1 W
(including 1 DD)
18 R,
3 W
(including 1 DD)
11 R
(including 1 DD),
6 W

Combined Coryat: $29,800

[game clues] [game scores] [suggest correction]

Game tape date: 2023-02-27
The J! Archive is created by fans, for fans. Scraping, republication, monetization, and malicious use prohibited; this site may use cookies and collect identifying information. See terms. The Jeopardy! game show and all elements thereof, including but not limited to copyright and trademark thereto, are the property of Jeopardy Productions, Inc. and are protected under law. This website is not affiliated with, sponsored by, or operated by Jeopardy Productions, Inc. Join the discussion at JBoard.tv.